LEADER 01960nam a2200385 u 4500 001 000000025492 003 CaOOAMICUS 005 20070226111453.0 008 950921m19941996fr u000 u fre u 020 $a2254946153 020 $a2254966103 035 $a10656569 040 $aEFR$bita 100 1 $aImbert, Jean.$0(OLS)http://pul/name/11270 245 14$aLes temps carolingiens (741-891) /$cpar Jean Imbert. 260 $aParis :$bEditions Cujas,$c1994-1996. 300 $a2 v. ;$c24 cm 490 1 $aHistoire du droit et des institutions de l'Eglise en Occident ;$v5 501 $av. 1 : "L'Eglise : les institutions" -- v. 2 . "l'Eglise : la vie des fidčles". 504 $aBibliographie en note. 650 0$aEcclesiastical law$zEurope$xHistory.$2//eng$0(OLS)http://pul/subject/15068 650 0$aCanon law$xHistory.$2//eng$0(OLS)http://pul/subject/400 650 0$aChurch history$yMiddle Ages, 600-1500.$2//eng$0(OLS)http://pul/subject/365 650 0$aChristian life$xHistory$yMiddle Ages, 600-1500.$2//eng$0(OLS)http://pul/subject/15069 650 0$aLaw, Medieval.$2//eng$0(OLS)http://pul/subject/11548 650 0$aCarolingians$xLegal status, laws, etc.$2//eng$0(OLS)http://pul/subject/15028 830 0$aHistoire du droit et des institutions de l'Eglise en Occident ;$v5.$0(OLS)http://pul/title/1124 850 $aPUL 852 $aPUL$W1$xSL Diritto Canonico 1$y5$m145 H 5.1-2$j35634$nBK-PRI$b $qStampati$B35634$CPULBib$Z2$F35634 $HPUL80190,80191 $81 852 $aPUL$W1$xSL Diritto Canonico 1$y5$m145 H 5.1-2$j35634$nBK-PRI$b $qStampati$B35635$CPULBib$Z2$F35635 $HPUL80190,80191 $81 941 1 $a8 996 $6020$a2254946153$9(OLS)http://pul/number/31779 996 $6020$a2254966103$9(OLS)http://pul/number/31780 996 $6245$aLes temps carolingiens (741-891)$9(OLS)http://pul/title/35119 996 $6260$aParis :$bEditions Cujas$9(OLS)http://pul/publisher/50118 LEADER 01219nam a2200277 u 4500 001 000000116667 003 CaOOAMICUS 005 20090717102447.0 008 090717s2008 it u000 u ita r 020 $z978-88-7402-415-5* 040 $aPUL$bita$dLDB 245 00$aPaul Ricoeur in dialogo :$betica, giustizia, convinzione /$ca cura di Daniella Iannotta. 260 $aCantalupa (To) :$bEffatą,$cc2008. 300 $a254 p. ;$c21 cm 490 1 $aFilosofia e il suo altro 504 $aBibliografia in nota. 600 14$aRicoeur, Paul,$d1913-2005$xEtica.$0(OLS)http://pul/subject/35616 700 1 $aIannotta, Daniella.$0(OLS)http://pul/name/13565 700 1 $aRicoeur, Paul,$d1913-2005.$0(OLS)http://pul/name/31003 830 0$aFilosofia e il suo altro.$0(OLS)http://pul/title/141682 850 $aPUL 852 $aPUL$W1$xSL Filosofia 3$y81$m170. 92 IANDA 1$j133772$qDDC 21$B132804$CPULBib$Z2$F132804 $H111089 $82 941 1 $a9 996 $6020$z978-88-7402-415-5*$9(OLS)http://pul/number/141461 996 $6245$aPaul Ricoeur in dialogo :$betica, giustizia, convinzione$9(OLS)http://pul/title/146650 996 $6260$aCantalupa (To) :$bEffatą$9(OLS)http://pul/publisher/68547